A turn in the South / (Record no. 15151)
[ view plain ]
| 000 -LEADER | |
|---|---|
| fixed length control field | 01041pam a2200289 a 4500 |
| 001 - CONTROL NUMBER | |
| control field | 3384995 |
| 005 - DATE AND TIME OF LATEST TRANSACTION | |
| control field | 20170105102911.0 |
| 008 - FIXED-LENGTH DATA ELEMENTS--GENERAL INFORMATION | |
| fixed length control field | 880815s1989 nyu 000 0 eng |
| 010 ## - LIBRARY OF CONGRESS CONTROL NUMBER | |
| LC control number | 88045346 |
| 020 ## - INTERNATIONAL STANDARD BOOK NUMBER | |
| International Standard Book Number | 0394564774 : |
| Terms of availability | $18.95 |
| 040 ## - CATALOGING SOURCE | |
| Original cataloging agency | DLC |
| Transcribing agency | DLC |
| Modifying agency | DLC |
| 043 ## - GEOGRAPHIC AREA CODE | |
| Geographic area code | n-usu-- |
| 050 00 - LIBRARY OF CONGRESS CALL NUMBER | |
| Classification number | F216.2 |
| Item number | .N35 1989 |
| 082 00 - DEWEY DECIMAL CLASSIFICATION NUMBER | |
| Classification number | 975/.04 |
| Edition number | 19 |
| 100 1# - MAIN ENTRY--PERSONAL NAME | |
| Personal name | Naipaul, V. S. |
| Fuller form of name | (Vidiadhar Surajprasad), |
| Dates associated with a name | 1932- |
| 245 12 - TITLE STATEMENT | |
| Title | A turn in the South / |
| Statement of responsibility, etc. | V.S. Naipaul. |
| 250 ## - EDITION STATEMENT | |
| Edition statement | 1st trade ed. |
| 260 ## - PUBLICATION, DISTRIBUTION, ETC. | |
| Place of publication, distribution, etc. | New York : |
| Name of publisher, distributor, etc. | Knopf : |
| -- | Distributed by Random House, |
| Date of publication, distribution, etc. | 1989. |
| 300 ## - PHYSICAL DESCRIPTION | |
| Extent | 307 p. ; |
| Dimensions | 25 cm. |
| 600 10 - SUBJECT ADDED ENTRY--PERSONAL NAME | |
| Personal name | Naipaul, V. S. |
| Fuller form of name | (Vidiadhar Surajprasad), |
| Dates associated with a name | 1932- |
| General subdivision | Travel |
| Geographic subdivision | Southern States. |
| 651 #0 - SUBJECT ADDED ENTRY--GEOGRAPHIC NAME | |
| Geographic name | Southern States |
| General subdivision | Civilization |
| Chronological subdivision | 20th century. |
| 651 #0 - SUBJECT ADDED ENTRY--GEOGRAPHIC NAME | |
| Geographic name | Southern States |
| General subdivision | Social life and customs |
| Chronological subdivision | 1865- |
| 856 42 - ELECTRONIC LOCATION AND ACCESS | |
| Materials specified | Publisher description |
| Uniform Resource Identifier | <a href="http://www.loc.gov/catdir/enhancements/fy0904/88045346-d.html">http://www.loc.gov/catdir/enhancements/fy0904/88045346-d.html</a> |
| 906 ## - LOCAL DATA ELEMENT F, LDF (RLIN) | |
| a | 7 |
| b | cbc |
| c | orignew |
| d | 1 |
| e | ocip |
| f | 19 |
| g | y-gencatlg |
| 942 ## - ADDED ENTRY ELEMENTS (KOHA) | |
| Source of classification or shelving scheme | |
| Koha item type | Book |
| Withdrawn status | Lost status | Damaged status | Not for loan | Collection code | Permanent Location | Current Location | Shelving location | Date acquired | Total Checkouts | Full call number | Barcode | Date last seen | Price effective from | Koha item type |
|---|---|---|---|---|---|---|---|---|---|---|---|---|---|---|
| Centre for International Peace & Stability (CIPS) | Centre for International Peace & Stability (CIPS) | General Stacks | 10/02/2013 | 975.04 NAI 1989 | CIPS0002411 | 11/07/2013 | 11/07/2013 | Book |
